000 00838nam a2200265 i 4500
003 MX-MxUPN
005 20260424085323.0
008 260320t2016 mx|a||||r|||| 000 0 spa d
020 _a9786073226776
020 _a9786073226806 (SEP)
040 _aMX-MxUPN
_bspa
_cMX-MxUPN
041 0 _aspa
050 1 4 _aLB1645 M63
_bA77 2016
100 1 _aArriaga Robles, Alan
_959345
100 1 _aBenítez Castanedo, Marcos Manuel
_959322
245 1 0 _aMatemáticas 3 por competencias
250 _a1a. edición.
260 _aCiudad de México :
_bPearson,
_c©2016.
300 _a272 páginas :
_bilustraciones
650 4 _aMatemáticas
_xEstudio y enseñanza (Secundaria)
_94860
650 4 _aMatemáticas
_vLibros de texto
_919875
902 _aMarielOrtiz/200326
_bVíctor Ruiz/240426
942 _2lcc
_cLIBRO
_n0
999 _c214845
_d214845